000 01023nam a22002295i 4500
001 164800
003 ES-MaACL
005 20250826083218.0
008 050729s1899 sp | |||||||| ||spa d
040 _aCAM
_bspa
_cCAM
100 1 _aSard y de Roselló, Andrés de.
_9132475
245 1 0 _aVelada necrológica en honor de Ramón Torelló y Borrás, celebrada el día 17 de diciembre de 1898 /
_cmemorias leidas por Andrés de Sard y de Roselló y Juan Sallarés y Plá.
260 _aBarcelona :
_b[s.n.],
_c1899 (
_fTipografía Española)
300 _a73 p., [1] h. de lám. ;
_c21 cm.
594 _aPrecede al tit.: Fomento del Trabajo Nacional.
599 _aLa h. de lám. fotografía del homenajeado.
600 1 4 _aTorelló y Borrás, Ramón-
_xHomenajes.
_9133301
700 1 _aSallarés y Pla, Juan.
_9132338
710 2 _aFomento del Trabajo Nacional (Cataluña)
_94136
852 _aES-MaACL
_jT-813-F-3
_z-- Enc. hol. conservando la cub. original
_z-- Enc. en un vol. facticio
999 _c164800
_d164800